[Event "DEM U14 2017"]
[Site "Willingen GER"]
[Date "2017.06.05"]
[Round "3"]
[White "Tong, Kevin"]
[Black "Dobrikov, Marco"]
[Result "0-1"]
[Termination "normal"]
[Board "1"]
[WhiteElo "2143"]
[BlackElo "2012"]
[WhiteClock "00:00:35"]
[BlackClock "00:24:11"]
[PlyCount "134"]
[WhiteFideId "12913944"]
[BlackFideId "12950378"]
[EventCountry "GER"]
[EventRounds "9"]
[EventType "swiss"]
[EventDate "2017.06.03"]

1. e4 c5 2. Nf3 d6 3. d4 cxd4 4. Nxd4 Nf6 5. Nc3 a6 6. Bg5 Nbd7 7. f4 Qc7 8.
Qf3 h6 9. Bxf6 Nxf6 10. Be2 e6 11. O-O-O b5 12. a3 Bb7 13. f5 e5 14. Nb3 Rc8
15. Qd3 d5 16. Nxd5 Nxd5 17. exd5 Bxd5 18. Bf3 Bxf3 19. gxf3 Be7 20. Qe4 O-O
21. Kb1 Rfd8 22. Rhe1 Bf6 23. h3 Qb6 24. Qe2 Rc4 25. Rxd8+ Qxd8 26. Nd2 Rf4 27.
Ne4 Rxf5 28. Rd1 Qc7 29. Rd6 Qa7 30. Qg2 Kh7 31. Nxf6+ Rxf6 32. Rxf6 gxf6 33.
Qg4 Qd4 34. Qf5+ Kg7 35. b3 Qg1+ 36. Kb2 Qg6 37. Qc8 f5 38. Qb7 e4 39. fxe4
fxe4 40. Qa7 Qf6+ 41. Kb1 Qc3 42. Qg1+ Kf6 43. Qb6+ Kg5 44. Qg1+ Kf4 45. Qg4+
Ke5 46. Qg7+ f6 47. Qe7+ Kf4 48. Qd6+ Kf3 49. Qd5 Qe3 50. Qh5+ Kf2 51. Qh4+ Ke2
52. Qxf6 Kd1 53. Qf1+ Qe1 54. Qg2 e3 55. Qd5+ Ke2+ 56. Kb2 Qg3 57. Qh5+ Kf2 58.
Qxh6 e2 59. Qb6+ Kf1 60. Qf6+ Qf2 61. Qxa6 e1=Q 62. Qxb5+ Qee2 63. Qc6 Qd4+ 64.
Ka2 Ke1 65. a4 Kd1 66. Qh1+ Kxc2 67. Qb1+ Kc3+ 0-1

[Event "DEM U14 2017"]
[Site "Willingen GER"]
[Date "2017.06.05"]
[Round "3"]
[White "Kopylov, Daniel"]
[Black "Bosselmann, Tom Linus"]
[Result "1-0"]
[Termination "normal"]
[Board "2"]
[WhiteElo "2138"]
[BlackElo "1930"]
[WhiteClock "00:06:05"]
[BlackClock "00:00:37"]
[PlyCount "77"]
[WhiteFideId "12921971"]
[BlackFideId "12983845"]
[EventCountry "GER"]
[EventRounds "9"]
[EventType "swiss"]
[EventDate "2017.06.03"]

1. e4 c5 2. Nf3 d6 3. d4 cxd4 4. Nxd4 Nf6 5. Nc3 a6 6. Be2 e5 7. Nb3 Be7 8. Be3
Be6 9. O-O O-O 10. Qd2 Qc7 11. a4 Nbd7 12. Rfd1 b6 13. Bf3 Rac8 14. Rdc1 Rfd8
15. Nd5 Bxd5 16. exd5 Nc5 17. Nxc5 dxc5 18. c4 e4 19. Be2 Bd6 20. g3 Be5 21.
Bf4 Rb8 22. Rd1 Qd6 23. Rab1 Bxf4 24. Qxf4 Qxf4 25. gxf4 b5 26. cxb5 Nxd5 27.
bxa6 Nxf4 28. Rxd8+ Rxd8 29. Bb5 Rc8 30. Rd1 Nd3 31. f3 Ne5 32. fxe4 Nf3+ 33.
Kf2 Nd4 34. b4 Ne6 35. Bd7 Ra8 36. Bxe6 fxe6 37. b5 Kf7 38. Rd7+ Kf6 39. a7 1-0

[Event "DEM U14 2017"]
[Site "Willingen GER"]
[Date "2017.06.05"]
[Round "3"]
[White "Pahl, Erik"]
[Black "Zimmer, Raphael"]
[Result "0-1"]
[Termination "normal"]
[Board "3"]
[WhiteElo "1775"]
[BlackElo "2065"]
[WhiteClock "00:15:43"]
[BlackClock "00:17:04"]
[PlyCount "56"]
[WhiteFideId "16201272"]
[BlackFideId "12978841"]
[EventCountry "GER"]
[EventRounds "9"]
[EventType "swiss"]
[EventDate "2017.06.03"]

1. e4 e5 2. Nc3 Nf6 3. g3 Bc5 4. Bg2 Bb6 5. Nge2 d6 6. d3 Be6 7. d4 Bc4 8. dxe5
dxe5 9. Qxd8+ Kxd8 10. Nd5 Ba5+ 11. c3 c6 12. Nxf6 gxf6 13. Be3 Nd7 14. Bf3 Bb6
15. b3 Bxe3 16. fxe3 Be6 17. O-O-O Ke7 18. Rhf1 a5 19. Bg2 a4 20. Kb2 Nc5 21.
Nc1 axb3 22. axb3 Ra7 23. c4 b5 24. cxb5 Rb8 25. bxc6 Nxb3 26. Kc2 Nxc1 27.
Kxc1 Ra1+ 28. Kc2 Ra2+ 0-1

[Event "DEM U14 2017"]
[Site "Willingen GER"]
[Date "2017.06.05"]
[Round "3"]
[White "Svane, Frederik"]
[Black "Stork, Oliver"]
[Result "1-0"]
[Termination "normal"]
[Board "4"]
[WhiteElo "2204"]
[BlackElo "2012"]
[WhiteClock "01:16:05"]
[BlackClock "00:29:12"]
[PlyCount "99"]
[WhiteFideId "12923044"]
[BlackFideId "12955728"]
[EventCountry "GER"]
[EventRounds "9"]
[EventType "swiss"]
[EventDate "2017.06.03"]

1. e4 c6 2. d4 d5 3. exd5 cxd5 4. Bd3 Nc6 5. c3 Qc7 6. h3 Nf6 7. Nf3 e6 8. O-O
Bd6 9. Be3 O-O 10. Nbd2 Rb8 11. Qe2 Bd7 12. Bg5 Be7 13. Ne5 b5 14. Bf4 Bd6 15.
Nxd7 Nxd7 16. Bxd6 Qxd6 17. Bxb5 a6 18. Bxc6 Qxc6 19. Nf3 Qb5 20. Qxb5 Rxb5 21.
Rab1 Rfb8 22. b3 a5 23. Nd2 Kf8 24. Rfc1 Ke7 25. Kf1 R5b7 26. Ke2 Nb6 27. c4
dxc4 28. bxc4 Nc8 29. Rxb7+ Rxb7 30. Rb1 Rxb1 31. Nxb1 Na7 32. Kd3 Nc6 33. a3
f6 34. Nc3 Kd6 35. Ne4+ Kc7 36. f4 Kd7 37. g4 e5 38. d5 Ne7 39. f5 h5 40. Nc5+
Kd6 41. Nb7+ Kd7 42. Nxa5 hxg4 43. hxg4 Ng8 44. c5 Nh6 45. c6+ Kc7 46. Kc4 e4
47. Kc5 Nf7 48. Nc4 Nd6 49. Nxd6 e3 50. Nb5+ 1-0

[Event "DEM U14 2017"]
[Site "Willingen GER"]
[Date "2017.06.05"]
[Round "3"]
[White "Burian, Simon"]
[Black "Trifan, Andrei Ioan"]
[Result "0-1"]
[Termination "normal"]
[Board "5"]
[WhiteElo "1934"]
[BlackElo "2176"]
[WhiteClock "00:07:20"]
[BlackClock "00:06:16"]
[PlyCount "98"]
[WhiteFideId "12956902"]
[BlackFideId "12967068"]
[EventCountry "GER"]
[EventRounds "9"]
[EventType "swiss"]
[EventDate "2017.06.03"]

1. Nf3 Nf6 2. g3 c5 3. Bg2 Nc6 4. d4 cxd4 5. Nxd4 e5 6. Nb5 Bc5 7. O-O d6 8.
N5c3 h6 9. Nd2 Bd4 10. Nce4 Nxe4 11. Nxe4 d5 12. Nd2 Bb6 13. c4 d4 14. b3 O-O
15. Ba3 Re8 16. c5 Ba5 17. Ne4 Bd7 18. Nd6 Bc3 19. Rb1 Qa5 20. Nxe8 Rxe8 21.
Bb2 Bf5 22. Bxc3 dxc3 23. e4 Bg6 24. Rc1 Nd4 25. Kh1 Qxc5 26. Qd3 Rc8 27. Bh3
Rc7 28. f4 f6 29. Rfe1 b5 30. Re3 b4 31. Bf1 Bf7 32. f5 Rc6 33. g4 Qa5 34. h4
Qxa2 35. Rg3 Qd2 36. Qxd2 cxd2 37. Rxc6 d1=Q 38. Rc8+ Kh7 39. Kg2 Qe1 40. Bd3
Qd2+ 41. Kh1 Qf2 42. Rh3 Nf3 43. Rc1 Ne1 44. Rxe1 Qxe1+ 45. Kg2 Bxb3 46. g5
fxg5 47. hxg5 Qd2+ 48. Kh1 Qxg5 49. Bb5 Bc2 0-1

[Event "DEM U14 2017"]
[Site "Willingen GER"]
[Date "2017.06.05"]
[Round "3"]
[White "Longo, Massimo"]
[Black "Pajeken, Jakob Leon"]
[Result "0-1"]
[Termination "normal"]
[Board "6"]
[WhiteElo "1912"]
[BlackElo "2120"]
[WhiteClock "00:27:32"]
[BlackClock "00:34:08"]
[PlyCount "124"]
[WhiteFideId "16205227"]
[BlackFideId "12942839"]
[EventCountry "GER"]
[EventRounds "9"]
[EventType "swiss"]
[EventDate "2017.06.03"]

1. d4 d5 2. Nf3 Bf5 3. e3 e6 4. c4 Nc6 5. a3 Nf6 6. Nc3 a6 7. Bd3 dxc4 8. Bxc4
Bd6 9. O-O O-O 10. Re1 Ne4 11. Bd3 Nxc3 12. bxc3 Qf6 13. e4 Bg4 14. e5 Bxf3 15.
gxf3 Nxe5 16. dxe5 Bxe5 17. Bd2 Rad8 18. Qe2 Rd5 19. f4 Bxf4 20. Bxf4 Qxf4 21.
Qe4 Qh6 22. Qe3 Qh4 23. Kh1 g6 24. Bf1 Rfd8 25. Be2 Rf5 26. Bf3 Qf6 27. Kg2
Rg5+ 28. Kf1 Qf5 29. Rad1 Rxd1 30. Rxd1 Qh3+ 31. Ke2 Rb5 32. Qf4 Kg7 33. Rd7
Rf5 34. Bg4 Qh4 35. Qg3 Qxg3 36. hxg3 Rc5 37. Kd3 Kf6 38. Bf3 b6 39. Rd4 Ra5
40. a4 e5 41. Rc4 c5 42. Bd5 Ke7 43. Ke4 Kd6 44. Bxf7 b5 45. Be8 bxc4 46. Ke3
Ke6 47. Ke4 h6 48. Ke3 Kf5 49. Bd7+ Kf6 50. Ke4 Ke7 51. Bc6 Kd6 52. Be8 h5 53.
f4 exf4 54. Kxf4 Ke7 55. Bc6 Kf6 56. g4 g5+ 57. Kf3 h4 58. Ke4 h3 59. Kf3 Ke5
60. Kg3 h2 61. Kxh2 Kf4 62. Bd7 Ke5 0-1

[Event "DEM U14 2017"]
[Site "Willingen GER"]
[Date "2017.06.05"]
[Round "3"]
[White "Wachinger, Nikolas"]
[Black "Post, Hugo"]
[Result "1/2-1/2"]
[Termination "normal"]
[Board "7"]
[WhiteElo "2055"]
[BlackElo "2019"]
[WhiteClock "00:13:16"]
[BlackClock "00:17:10"]
[PlyCount "135"]
[WhiteFideId "12962791"]
[BlackFideId "12962490"]
[EventCountry "GER"]
[EventRounds "9"]
[EventType "swiss"]
[EventDate "2017.06.03"]

1. e4 c5 2. Nf3 Nc6 3. d4 cxd4 4. Nxd4 g6 5. c4 d6 6. Be2 Bg7 7. Be3 Nf6 8. Nc3
O-O 9. O-O Bd7 10. Qd2 Nxd4 11. Bxd4 Bc6 12. f3 Nd7 13. Be3 a5 14. Rab1 a4 15.
Rfd1 Qa5 16. Nd5 Bxd5 17. Qxd5 Nc5 18. Qd2 Qxd2 19. Rxd2 Rfc8 20. Bd1 Rc6 21.
Kf1 h6 22. Rd5 Kh7 23. b3 axb3 24. axb3 Bc3 25. Be2 Ra3 26. Bd1 b6 27. b4 Ne6
28. Be2 Be5 29. Rd3 Ra2 30. Rdd1 Bxh2 31. Ra1 Rb2 32. Rab1 Rc2 33. Bd3 Rc3 34.
b5 Rc8 35. Bxb6 Nf4 36. Ba7 Nxd3 37. b6 Nc5 38. b7 Nxb7 39. Rxb7 R3xc4 40. Rxe7
R4c7 41. Rxc7 Rxc7 42. Bf2 Be5 43. Bd4 Bf4 44. Bf2 g5 45. Rd5 Be5 46. Bd4 Re7
47. Bxe5 dxe5 48. g4 Re6 49. Kg2 Kg6 50. Kg3 h5 51. gxh5+ Kxh5 52. Rd8 f6 53.
Rh8+ Kg6 54. Rg8+ Kf7 55. Ra8 Rb6 56. Kg4 Rb3 57. Rc8 Kg6 58. Rg8+ Kh6 59. Rh8+
Kg7 60. Ra8 Rb7 61. Kf5 Re7 62. Ra6 Rf7 63. Rc6 Rf8 64. Rc7+ Rf7 65. Rc8 Re7
66. Rd8 Ra7 67. Rd6 Rf7 68. Rb6 1/2-1/2

[Event "DEM U14 2017"]
[Site "Willingen GER"]
[Date "2017.06.05"]
[Round "3"]
[White "Wu, Leon"]
[Black "Dahl, Christoph"]
[Result "1/2-1/2"]
[Termination "normal"]
[Board "8"]
[WhiteElo "1957"]
[BlackElo "1801"]
[WhiteClock "00:09:15"]
[BlackClock "00:17:48"]
[PlyCount "136"]
[WhiteFideId "12977438"]
[BlackFideId "16240235"]
[EventCountry "GER"]
[EventRounds "9"]
[EventType "swiss"]
[EventDate "2017.06.03"]

1. e4 e5 2. Nf3 Nc6 3. Bb5 a6 4. Ba4 Nf6 5. O-O b5 6. Bb3 Be7 7. Re1 d6 8. h3
Be6 9. c3 O-O 10. d4 exd4 11. cxd4 d5 12. e5 Nd7 13. Nc3 Nb6 14. a3 b4 15. Na4
Na5 16. axb4 Bxb4 17. Bd2 Bxd2 18. Nxd2 Nxa4 19. Bxa4 Rb8 20. Bc2 c5 21. b3
cxd4 22. Qh5 h6 23. f4 d3 24. Bxd3 Qb6+ 25. Kh1 Qd4 26. Qf3 Nxb3 27. Nxb3 Rxb3
28. Bh7+ Kxh7 29. Qxb3 Qxf4 30. Rxa6 Qc4 31. Qb1+ g6 32. Rb6 Rc8 33. Rb7 Qc2
34. Qa1 Qc3 35. Qd1 Qc6 36. Rb2 Qc3 37. Qe2 Qc4 38. Qf2 Qc5 39. Qf6 Qc3 40.
Reb1 Qd3 41. Rf1 Qc4 42. Rff2 d4 43. Kh2 d3 44. Rbd2 Qe4 45. Rf3 Rc5 46. Rdxd3
Qxe5+ 47. Qxe5 Rxe5 48. Kg3 Rg5+ 49. Kf2 Bd5 50. Rg3 Rf5+ 51. Kg1 h5 52. Rge3
Rg5 53. Rd2 Be6 54. Rb2 Rc5 55. Kh2 Rc1 56. Rb7 Kh6 57. Rb4 Rc2 58. Rd4 Ra2 59.
Kg3 g5 60. Rd8 h4+ 61. Kf3 Ra5 62. Rd6 Kh5 63. Red3 Rf5+ 64. Ke3 Re5+ 65. Kf2
Rf5+ 66. Kg1 Re5 67. Rd8 f5 68. R3d6 Kg6 1/2-1/2

[Event "DEM U14 2017"]
[Site "Willingen GER"]
[Date "2017.06.05"]
[Round "3"]
[White "Mühlpfordt, Thomas"]
[Black "Suvorov, Alexander"]
[Result "1/2-1/2"]
[Termination "normal"]
[Board "9"]
[WhiteElo "1813"]
[BlackElo "2196"]
[WhiteClock "00:11:33"]
[BlackClock "00:09:30"]
[PlyCount "105"]
[WhiteFideId "12986623"]
[BlackFideId "12977063"]
[EventCountry "GER"]
[EventRounds "9"]
[EventType "swiss"]
[EventDate "2017.06.03"]

1. e4 c6 2. d4 d5 3. Nc3 dxe4 4. Nxe4 Bf5 5. Ng3 Bg6 6. h4 h6 7. h5 Bh7 8. Nf3
e6 9. Bd3 Bxd3 10. Qxd3 Nf6 11. Bd2 c5 12. Ne4 Nc6 13. Nxc5 Bxc5 14. dxc5 Qxd3
15. cxd3 O-O-O 16. O-O-O Rxd3 17. Bc3 Rxd1+ 18. Kxd1 Rd8+ 19. Kc2 Rd5 20. b4
Rxh5 21. Rxh5 Nxh5 22. b5 Nd8 23. Nd2 f6 24. g3 Nf7 25. Nc4 f5 26. a4 g5 27.
Ne5 Nd8 28. Nc4 Nf7 29. Kd3 g4 30. Ke3 f4+ 31. gxf4 g3 32. fxg3 Nxg3 33. Ne5
Nxe5 34. Bxe5 Nf5+ 35. Ke4 h5 36. Bf6 Kd7 37. Be5 a6 38. Kf3 axb5 39. axb5 Ne7
40. Kg3 Nf5+ 41. Kf3 Kc8 42. Ke4 h4 43. Kf3 h3 44. Bc3 Kd7 45. Be5 Kc8 46. Bc3
Kb8 47. Kf2 Kc8 48. Kg1 Ne3 49. Kh2 Nc2 50. Kxh3 Na3 51. c6 Nxb5 52. cxb7+ Kxb7
53. Be5 1/2-1/2

[Event "DEM U14 2017"]
[Site "Willingen GER"]
[Date "2017.06.05"]
[Round "3"]
[White "Köllner, Ruben Gideon"]
[Black "Meric, Geoffrey"]
[Result "1-0"]
[Termination "normal"]
[Board "10"]
[WhiteElo "2104"]
[BlackElo "1879"]
[WhiteClock "00:01:10"]
[BlackClock "00:00:48"]
[PlyCount "79"]
[WhiteFideId "12993093"]
[BlackFideId "26092891"]
[EventCountry "GER"]
[EventRounds "9"]
[EventType "swiss"]
[EventDate "2017.06.03"]

1. d4 Nf6 2. Bg5 c5 3. Bxf6 gxf6 4. d5 b5 5. e4 Qb6 6. c3 d6 7. Qb3 c4 8. Qc2
Nd7 9. Nd2 Bg7 10. a4 Ne5 11. axb5 Qxb5 12. Nxc4 Nxc4 13. b3 O-O 14. Bxc4 Qc5
15. Ne2 f5 16. O-O fxe4 17. Qxe4 Bb7 18. Ng3 e6 19. Bd3 Rfe8 20. Qxh7+ Kf8 21.
Rac1 Bxd5 22. Nh5 Be5 23. b4 Qc6 24. c4 Bxg2 25. Qh6+ Ke7 26. Qg5+ Kd7 27. Qxg2
Rg8 28. Ng3 Qb6 29. c5 Qxb4 30. cxd6 Rac8 31. Rb1 Qxd6 32. Rfd1 Bd4 33. Bb5+
Ke7 34. Qe4 Rc5 35. Qxd4 Qb6 36. Qd7+ Kf6 37. Qd4+ Ke7 38. Qh4+ Rgg5 39. Rd7+
Kf8 40. Qh8+ 1-0

[Event "DEM U14 2017"]
[Site "Willingen GER"]
[Date "2017.06.05"]
[Round "3"]
[White "Biermann, Florian"]
[Black "Suvorov, Luca"]
[Result "0-1"]
[Termination "normal"]
[Board "11"]
[WhiteElo "1853"]
[BlackElo "2121"]
[WhiteClock "00:13:54"]
[BlackClock "00:09:12"]
[PlyCount "86"]
[WhiteFideId "12970069"]
[BlackFideId "12977071"]
[EventCountry "GER"]
[EventRounds "9"]
[EventType "swiss"]
[EventDate "2017.06.03"]

1. c4 e5 2. g3 Nc6 3. Bg2 Bc5 4. Nc3 d6 5. e3 a6 6. Nge2 Ba7 7. a3 h5 8. h3 h4
9. g4 f5 10. gxf5 Bxf5 11. d4 Rb8 12. d5 Nce7 13. Ne4 Nf6 14. N2c3 Nxe4 15.
Bxe4 Qd7 16. Qf3 g6 17. Bd2 Bxe4 18. Nxe4 Qf5 19. Ke2 b5 20. b3 Rf8 21. Qg4
bxc4 22. bxc4 Rb3 23. Rhb1 Rxb1 24. Rxb1 Qxg4+ 25. hxg4 Kd7 26. Rh1 Rh8 27. Bb4
Bb6 28. Ng5 c6 29. Bxd6 cxd5 30. Bxe7 Kxe7 31. cxd5 Bd8 32. Kf3 Kd7 33. Ne6 Be7
34. g5 Bxa3 35. Ra1 h3 36. Ke4 h2 37. Rh1 Bd6 38. f4 exf4 39. exf4 a5 40. f5
Rh4+ 41. Kf3 gxf5 42. g6 Rg4 43. Ng7 Rg1 0-1

[Event "DEM U14 2017"]
[Site "Willingen GER"]
[Date "2017.06.05"]
[Round "3"]
[White "Weishäutel, Moritz"]
[Black "Fromm, Marius"]
[Result "0-1"]
[Termination "normal"]
[Board "12"]
[WhiteElo "2102"]
[BlackElo "1750"]
[WhiteClock "00:01:45"]
[BlackClock "00:04:52"]
[PlyCount "80"]
[WhiteFideId "12967300"]
[BlackFideId "12993190"]
[EventCountry "GER"]
[EventRounds "9"]
[EventType "swiss"]
[EventDate "2017.06.03"]

1. e4 e6 2. d4 d5 3. Nd2 c5 4. exd5 exd5 5. Ngf3 Nc6 6. Bb5 Bd6 7. dxc5 Bxc5 8.
O-O Nge7 9. c3 O-O 10. Nb3 Bd6 11. Bd3 h6 12. Nbd4 Bg4 13. h3 Bh5 14. Be3 a6
15. Qd2 Qc7 16. Rac1 Rad8 17. Rfe1 Bg6 18. Bxg6 Nxg6 19. Nf5 Nce5 20. Nxe5 Bxe5
21. Rcd1 Rfe8 22. Bd4 Qd7 23. Ne3 Bxd4 24. Qxd4 Re4 25. Qd2 Qe6 26. c4 d4 27.
Nd5 Re8 28. Kf1 Nh4 29. f4 Nf3 30. gxf3 Qxh3+ 31. Kg1 Qg3+ 32. Kf1 Qxf3+ 33.
Kg1 Re2 34. Rxe2 Rxe2 35. Qxe2 Qxe2 36. Rxd4 Qxb2 37. Rd1 Qxa2 38. Ne7+ Kh7 39.
Rc1 Qa3 40. Re1 Qg3+ 0-1

[Event "DEM U14 2017"]
[Site "Willingen GER"]
[Date "2017.06.05"]
[Round "3"]
[White "Wu, Luka"]
[Black "Lieberwirth, Kasimir"]
[Result "1/2-1/2"]
[Termination "normal"]
[Board "13"]
[WhiteElo "1874"]
[BlackElo "2009"]
[PlyCount "141"]
[WhiteFideId "12977420"]
[BlackFideId "12988146"]
[EventCountry "GER"]
[EventRounds "9"]
[EventType "swiss"]
[EventDate "2017.06.03"]

1. e4 c5 2. Nf3 d6 3. d4 cxd4 4. Nxd4 Nf6 5. Nc3 a6 6. Bg5 e6 7. f4 Be7 8. Qf3
Qc7 9. O-O-O Nbd7 10. g4 h6 11. Bxf6 Bxf6 12. h4 Qb6 13. Nb3 Be7 14. Bg2 Nc5
15. Nxc5 Qxc5 16. Qd3 Bd7 17. e5 d5 18. Qg3 O-O-O 19. Kb1 Kb8 20. Ne2 Rc8 21.
Nd4 Ba4 22. Rd2 Bd8 23. c3 Bb6 24. f5 Qe7 25. Rf1 Bxd4 26. Rxd4 Bb5 27. Rf2 Rc4
28. Rdf4 Rxf4 29. Rxf4 Qc5 30. Qf2 Bd3+ 31. Kc1 Qa5 32. a3 Rc8 33. Rd4 Qb6 34.
Qe3 Bc4 35. Qf2 Qb3 36. Qc2 Qb6 37. Qf2 Bd3 38. Qe3 Be2 39. Qd2 Rc4 40. Bh3 Qb3
41. Qc2 Qb6 42. Qd2 Qb3 43. fxe6 Rxd4 44. Qxd4 fxe6 45. g5 Bf3 46. Bxe6 Qa2 47.
Bf5 Qa1+ 48. Kc2 Qf1 49. Qd3 Be2 50. Qxd5 Qxf5+ 51. Kb3 Qf8 52. e6 Bb5 53. c4
Bc6 54. Qe5+ Kc8 55. e7 Qf3+ 56. Kb4 Qf7 57. Qd6 Qe8 58. g6 Qd7 59. Qe5 Qd2+
60. Kb3 Qd3+ 61. Kb4 Qxg6 62. h5 Qf7 63. Kc5 Qf2+ 64. Kb4 Qf7 65. Kc5 Qf2+ 66.
Kb4 Qd2+ 67. Kb3 Qd3+ 68. Kb4 Qd2+ 69. Kb3 Qd3+ 70. Kb4 Qd2+ 71. Kb3 1/2-1/2

[Event "DEM U14 2017"]
[Site "Willingen GER"]
[Date "2017.06.05"]
[Round "3"]
[White "Fidlin, Simon"]
[Black "Woelk, Tom-Frederic"]
[Result "1/2-1/2"]
[Termination "normal"]
[Board "15"]
[WhiteElo "1841"]
[BlackElo "2033"]
[PlyCount "79"]
[WhiteFideId "16217535"]
[BlackFideId "12993077"]
[EventCountry "GER"]
[EventRounds "9"]
[EventType "swiss"]
[EventDate "2017.06.03"]

1. e4 c5 2. Nf3 d6 3. d4 cxd4 4. Nxd4 Nf6 5. Nc3 a6 6. Be3 e6 7. Be2 Be7 8. Qd2
b5 9. Bf3 b4 10. Nce2 d5 11. exd5 Nxd5 12. Nf4 O-O 13. Nf5 Bb7 14. Bxd5 exd5
15. Nxd5 Bf6 16. Nxf6+ Qxf6 17. Qxb4 Bxg2 18. Rg1 Qxf5 19. Rxg2 Nc6 20. Qc3 Ne5
21. O-O-O Rac8 22. Rg5 Qxg5 23. Bxg5 Rxc3 24. bxc3 f6 25. Bf4 Re8 26. Rd4 Kf7
27. Kb2 Ke6 28. Rb4 Kd5 29. Bxe5 Rxe5 30. Rb6 Rh5 31. Rxa6 Rxh2 32. f4 h5 33.
Ra7 g6 34. Ra6 h4 35. Rxf6 Rg2 36. Rf8 h3 37. Rh8 h2 38. a4 Kc4 39. Rc8+ Kd5
40. Rh8 1/2-1/2

[Event "DEM U14 2017"]
[Site "Willingen GER"]
[Date "2017.06.05"]
[Round "3"]
[White "Kotyk, Michael"]
[Black "Yankelevich, Michael"]
[Result "1-0"]
[Termination "normal"]
[Board "16"]
[WhiteElo "1927"]
[BlackElo "1886"]
[PlyCount "129"]
[WhiteFideId "16214501"]
[BlackFideId "12921440"]
[EventCountry "GER"]
[EventRounds "9"]
[EventType "swiss"]
[EventDate "2017.06.03"]

1. d4 d5 2. c4 dxc4 3. Nf3 Nf6 4. e3 e6 5. Bxc4 a6 6. O-O b5 7. Bd3 Bb7 8. a4
b4 9. Qe2 Nbd7 10. e4 Be7 11. Bg5 h6 12. Bh4 Nh5 13. Bxe7 Qxe7 14. g3 Nhf6 15.
Nbd2 O-O 16. Rac1 Rfc8 17. a5 Nb8 18. Nb3 Nfd7 19. e5 Nc6 20. Be4 Nd8 21. Nc5
Nxc5 22. dxc5 Bxe4 23. Qxe4 Rab8 24. c6 Rb5 25. Rfd1 Qf8 26. Qd3 Rc5 27. Qd7
Ra8 28. Qxc7 Nxc6 29. Rxc5 Qxc5 30. Rd6 Qc1+ 31. Kg2 Qxb2 32. Qxc6 Rb8 33. Qc7
Rf8 34. Rxa6 Qa2 35. Qe7 b3 36. Qb4 b2 37. Rb6 b1=Q 38. Qxb1 Qxa5 39. Qb4 Qd5
40. Rd6 Qa8 41. Qf4 Qb7 42. Qd2 Qc7 43. Rd7 Qb6 44. Qd6 Qa5 45. Qe7 Qa8 46. Rb7
Qa4 47. h4 Qe4 48. Rb4 Qf5 49. Rf4 Qg6 50. g4 Qb1 51. Nd4 Qa2 52. Nxe6 Qxe6 53.
Qxe6 fxe6 54. Rxf8+ Kxf8 55. f4 g6 56. Kf3 Kf7 57. h5 gxh5 58. gxh5 Ke7 59. Ke4
Kf7 60. f5 exf5+ 61. Kxf5 Ke7 62. Kg6 Ke6 63. Kxh6 Kf7 64. e6+ Kxe6 65. Kg7 1-0

[Event "DEM U14 2017"]
[Site "Willingen GER"]
[Date "2017.06.05"]
[Round "3"]
[White "Paeslack, Luis"]
[Black "Wagner, Benjamin"]
[Result "0-1"]
[Termination "normal"]
[Board "17"]
[WhiteElo "1856"]
[BlackElo "1991"]
[PlyCount "133"]
[WhiteFideId "12987760"]
[BlackFideId "12957330"]
[EventCountry "GER"]
[EventRounds "9"]
[EventType "swiss"]
[EventDate "2017.06.03"]

1. d4 Nf6 2. c4 g6 3. Nc3 Bg7 4. e4 d6 5. Nf3 O-O 6. h3 e5 7. d5 Nh5 8. Nh2 Qe8
9. g3 f5 10. exf5 gxf5 11. Be2 Nf6 12. g4 a5 13. g5 Nfd7 14. h4 e4 15. Bf4 Ne5
16. Bxe5 Bxe5 17. Qd2 Bxh2 18. Rxh2 Qe5 19. Rh1 f4 20. O-O-O Bf5 21. h5 a4 22.
Qd4 Nd7 23. Rh4 Nc5 24. Qxe5 dxe5 25. d6 c6 26. Rd2 Nd3+ 27. Bxd3 exd3 28. f3
Rfd8 29. c5 Ra5 30. Kd1 Rxc5 31. Nxa4 Ra5 32. b3 Rxd6 33. Nc3 Rd4 34. Rhh2 Be6
35. Ne4 Bxb3+ 36. Ke1 Bc2 37. g6 Rxe4+ 38. fxe4 h6 39. Rxc2 dxc2 40. Rxc2 Ra4
41. Re2 b5 42. Kf2 Kg7 43. Kf3 Kf6 44. Rg2 Ra7 45. Rc2 Rc7 46. Rc5 Ke6 47. Kg4
Rc8 48. a3 Rc7 49. Kh4 Kd6 50. Rc2 c5 51. Rg2 Rg7 52. Rd2+ Ke6 53. Rb2 Rb7 54.
Rg2 Kf6 55. Rd2 b4 56. axb4 cxb4 57. Kg4 b3 58. Rb2 Rb4 59. Kf3 Rb8 60. Kg4 Rb7
61. Kf3 Rb4 62. Kg4 Rb8 63. Kf3 Kg5 64. Rg2+ Kxh5 65. g7 Rg8 66. Kf2 b2 67. Rg1
0-1

[Event "DEM U14 2017"]
[Site "Willingen GER"]
[Date "2017.06.05"]
[Round "3"]
[White "Merk, Daniel"]
[Black "Biermann, Lenhard"]
[Result "1-0"]
[Termination "normal"]
[Board "18"]
[WhiteElo "1900"]
[BlackElo "1879"]
[PlyCount "91"]
[WhiteFideId "12938386"]
[BlackFideId "12970077"]
[EventCountry "GER"]
[EventRounds "9"]
[EventType "swiss"]
[EventDate "2017.06.03"]

1. d4 e6 2. c4 Nf6 3. Nf3 b6 4. Bg5 Bb4+ 5. Nbd2 h6 6. Bh4 Ba6 7. a3 Bxd2+ 8.
Nxd2 c5 9. e3 Bb7 10. Nf3 O-O 11. Be2 d6 12. O-O Nbd7 13. Rc1 Qc7 14. Qc2 Ne4
15. Nd2 f5 16. dxc5 bxc5 17. Nxe4 Bxe4 18. Qd2 g5 19. Bg3 e5 20. f3 Bc6 21.
Rfd1 Rf6 22. b4 Kh8 23. Qd3 Rg8 24. e4 f4 25. Bf2 h5 26. h3 Qb8 27. Qc3 Rh6 28.
Rb1 Qc7 29. Qd3 Qc8 30. Qc2 Qa8 31. bxc5 dxc5 32. Qc3 Qe8 33. Qa5 Qe7 34. Qxa7
Rg7 35. Qc7 g4 36. fxg4 Bxe4 37. Rxd7 Qxd7 38. Rb8+ Kh7 39. Qxe5 Qc6 40. Qxf4
hxg4 41. Bxg4 Bc2 42. Be3 Rf6 43. Qe5 Qd6 44. Qh5+ Rh6 45. Bxh6 Qxb8 46. Bf4+
1-0

[Event "DEM U14 2017"]
[Site "Willingen GER"]
[Date "2017.06.05"]
[Round "3"]
[White "Buller, Ian Joshua"]
[Black "Dietz, Florian"]
[Result "0-1"]
[Termination "normal"]
[Board "19"]
[WhiteElo "1646"]
[BlackElo "1913"]
[PlyCount "69"]
[WhiteFideId "12990655"]
[BlackFideId "12939897"]
[EventCountry "GER"]
[EventRounds "9"]
[EventType "swiss"]
[EventDate "2017.06.03"]

1. e4 c5 2. Nf3 Nc6 3. Nc3 g6 4. d4 cxd4 5. Nxd4 Bg7 6. Nb3 Nf6 7. Be2 O-O 8.
O-O d6 9. Re1 a6 10. Bf1 b5 11. Bg5 Bb7 12. a4 b4 13. Nd5 Re8 14. Bxf6 Bxf6 15.
Nxf6+ exf6 16. Qd2 Qc7 17. Rad1 Rad8 18. Nd4 Qb6 19. Kh1 d5 20. Nxc6 Bxc6 21.
exd5 Rxe1 22. Qxe1 Bxd5 23. Rd3 Qb7 24. Qd2 Rd7 25. f3 a5 26. Rd4 Kg7 27. Bc4
Bc6 28. Rxd7 Qxd7 29. Qxd7 Bxd7 30. Bb5 Bxb5 31. axb5 a4 32. h4 a3 33. b3 a2
34. b6 a1=Q+ 35. Kh2 0-1

[Event "DEM U14 2017"]
[Site "Willingen GER"]
[Date "2017.06.05"]
[Round "3"]
[White "Jungandreas, Tillmann"]
[Black "Henning, Marvin"]
[Result "1/2-1/2"]
[Termination "normal"]
[Board "20"]
[WhiteElo "1414"]
[BlackElo "1946"]
[PlyCount "92"]
[WhiteFideId "16244664"]
[BlackFideId "12957399"]
[EventCountry "GER"]
[EventRounds "9"]
[EventType "swiss"]
[EventDate "2017.06.03"]

1. e4 g6 2. d4 Bg7 3. c4 d6 4. Nc3 a6 5. Nf3 b6 6. Bf4 Bb7 7. Bd3 Nd7 8. O-O e5
9. dxe5 dxe5 10. Bd2 Ne7 11. Re1 O-O 12. b4 c6 13. a4 Qc7 14. Qc2 Rfd8 15. Rad1
Nf6 16. h3 Rd7 17. Bg5 Rad8 18. Re2 h6 19. Be3 g5 20. g4 Ng6 21. Red2 Bf8 22.
b5 Bb4 23. Ne1 axb5 24. axb5 c5 25. f3 Nf8 26. Be2 Rxd2 27. Rxd2 Rxd2 28. Bxd2
Bxc3 29. Bxc3 Ne6 30. Nd3 Nd4 31. Qb2 Nd7 32. Kf2 Qd6 33. Qa2 Qb8 34. Nb2 Nf8
35. Nd1 Ng6 36. Bf1 Nh4 37. Be2 Kh7 38. Ne3 Kg7 39. Qa1 Kg6 40. Qa2 Kh7 41. Qa1
Ng6 42. Bf1 Nf4 43. Nf5 Ng6 44. Ne3 Ne7 45. Bb2 Kg6 46. Bc3 Kh7 1/2-1/2